000 00441nam a2200169Ia 4500
008 220204s9999 xx 000 0 und d
082 _a631.4
_bRUS
100 _aRUSSELL, Walter E
245 0 _aSoil conditions and plant growth.
250 _aEd.9
260 _aLondon
_bLongman
_c1961
650 _aNitrogen cycle
650 _aSoil atmospheric nutrient
650 _aSoil microorganism
650 _aSoil plant nutrient
942 _cBK
999 _c20554
_d20554